Normal view
MARC view
- Haider Abbas
Entry Personal Name
001 - CONTROL NUMBER
- control field: 126613
003 - CONTROL NUMBER IDENTIFIER
- control field: NUST
005 - DATE AND TIME OF LATEST TRANSACTION
- control field: 20241030113843.0
008 - FIXED-LENGTH DATA ELEMENTS
- fixed length control field: 241030|| aca||aabn | a|a d
040 ## - CATALOGING SOURCE
- Original cataloging agency: NUST
- Transcribing agency: NUST
100 ## - HEADING--PERSONAL NAME
- Personal name: Haider Abbas
670 ## - SOURCE DATA FOUND
- Source citation: Work cat.: (NUST)232277: Haider Abbas , Probabilistic seismic hazard analysis of Karachi city/, 2014.
